| 000 | 01319nam a2200289 a 4500 | ||
|---|---|---|---|
| 001 | 000006460 | ||
| 003 | DO-SdBNP | ||
| 005 | 20250113131851.0 | ||
| 008 | 090831s2007 dr c r 000 0 spa d | ||
| 020 | _a9789945161083 | ||
| 040 |
_aDO-SdBNP _bspa _cBNPHU |
||
| 082 |
_a972.93054 _bC111f, 2007 |
||
| 245 | 0 | 0 |
_aCaamaño frente a la O.E.A. : _bactas de las reuniones del gobierno constitucional que encabezó el presidente constitucional Francisco Alberto Caamaño Deñó, con la Comisión de la O.E.A. y otros documentos relativos a la Guerra Patria de abril 1965. |
| 250 | _a2a ed. | ||
| 260 |
_aSanto Domingo : _bComisión Permanente de Efemérides Patrias, _fBúho _c2007. |
||
| 300 |
_a326 p. : _bretrs. ; _c23 cm. |
||
| 490 | 1 |
_aPublicaciones de la Comisión Permanente de Efemérides Patrias 2004-2007 ; _v19 |
|
| 600 | 1 | 4 |
_aCaamaño Deño, Francisco Alberto, _d1932-1973 _910026 |
| 610 | 2 | 0 |
_aOrganización de los Estados Americanos _917918 |
| 650 | 4 |
_aGuerrillas _zRepública Dominicana _917919 |
|
| 651 | 4 |
_aRepública Dominicana _xHistoria _yRevolución , 1965 _92167 |
|
| 700 | 1 |
_aCury, Jottin, _d1921-2011 _epról. _92485 |
|
| 830 | 0 |
_aPublicaciones de la Comisión Permanente de Efemérides Patrias ; _n19 _917920 |
|
| 900 | _al | ||
| 910 | _aValidado. Control de calidad. MMOLINA | ||
| 942 |
_2ddc _cLBS1 |
||
| 999 |
_c6253 _d6253 |
||